MARC

LEADER 00000nam0a2200000 4500
001 280188
005 20231101235300.0
020 |a RU  |b 86-33917 
035 |a (RuTPU)RU\TPU\book\303497 
090 |a 280188 
100 |a 20141226d1986 k y0rusy5003 ca 
101 0 |a rus 
102 |a RU 
105 |a a z 001zy 
200 1 |a Математическое моделирование и оптимизация лучевой терапии опухолей  |f В. К. Иванов 
210 |a Москва  |c Энергоатомиздат  |d 1986 
215 |a 144 с.  |c ил.  |d 21 см 
320 |a Библиогр.: с. 139-143 (108 назв.) 
606 1 |a Опухоли злокачественные  |2 stltpush  |3 (RuTPU)RU\TPU\subj\47272  |9 66327 
610 1 |a лучевая терапия 
610 1 |a радиобиологические процессы 
610 1 |a математическое моделирование 
610 1 |a построение 
610 1 |a исследование 
610 1 |a оптимальное управление 
610 1 |a гипертония 
610 1 |a клиническая практика 
675 |a 616-006  |z rus  |v 4 
700 1 |a Иванов  |b В. К.  |g Виктор Константинович  |4 070 
801 0 |a RU  |b RuMRKP  |c 19950704  |g psbo 
801 1 |a RU  |b 63413507  |c 20141226 
801 2 |a RU  |b 63413507  |c 20170428  |g RCR 
942 |c BK